Statistics for 221 Most Common A Words In English

Click here to take the quiz!

General Stats

  • This quiz has been taken 49 times
  • The average score is 47 of 221

Answer Stats

A% Correct
a
100%
as
95%
and
92%
at
92%
all
89%
ad
86%
AM
86%
add
81%
any
65%
art
65%
about
62%
always
59%
arm
59%
act
54%
again
54%
after
51%
aim
49%
air
49%
also
49%
apple
49%
ask
49%
age
46%
ah
46%
alter
43%
away
43%
able
41%
allow
41%
around
41%
artist
41%
address
38%
aid
38%
army
38%
account
35%
action
35%
against
35%
ally
35%
anger
35%
angry
35%
apply
35%
addition
32%
almost
32%
assist
32%
actor
30%
alone
30%
among
30%
angle
30%
anybody
30%
anyone
30%
above
27%
agree
27%
answer
27%
anything
27%
anywhere
27%
apart
27%
appear
27%
application
27%
arise
27%
attract
27%
achieve
24%
across
24%
ago
24%
amount
24%
argue
24%
attend
24%
accept
22%
access
22%
according
22%
acid
22%
active
22%
additional
22%
already
22%
apartment
22%
appearance
22%
arrange
22%
assistant
22%
auto
22%
ability
19%
actual
19%
adopt
19%
alive
19%
along
19%
although
19%
American
19%
animal
19%
anyway
19%
appoint
19%
argument
19%
armed
19%
attach
19%
attitude
19%
average
19%
avoid
19%
abortion
16%
achievement
16%
acquire
16%
actress
16%
adapt
16%
affect
16%
afraid
16%
African
16%
agent
16%
agreement
16%
ahead
16%
amazing
16%
announce
16%
annual
16%
another
16%
appreciate
16%
arrangement
16%
arrest
16%
arrive
16%
artistic
16%
assume
16%
attack
16%
attention
16%
author
16%
abandon
14%
accident
14%
accomplish
14%
accurate
14%
actually
14%
adjust
14%
advice
14%
afford
14%
afternoon
14%
AIDS
14%
alternative
14%
apparent
14%
appointment
14%
approach
14%
approve
14%
area
14%
arrival
14%
assistance
14%
assumption
14%
attempt
14%
aware
14%
awful
14%
abroad
11%
accuse
11%
activity
11%
adult
11%
advantage
11%
adventure
11%
advise
11%
agency
11%
aggressive
11%
aide
11%
airport
11%
analyze
11%
anniversary
11%
anxiety
11%
approval
11%
Arab
11%
Asian
11%
aspect
11%
assert
11%
athlete
11%
attractive
11%
available
11%
award
11%
absolute
8%
absorb
8%
abuse
8%
academic
8%
adequate
8%
adjustment
8%
admit
8%
advance
8%
advocate
8%
affair
8%
agricultural
8%
alcohol
8%
alliance
8%
analysis
8%
ancient
8%
apparently
8%
appropriate
8%
architect
8%
article
8%
aside
8%
assault
8%
asset
8%
athletic
8%
atmosphere
8%
audience
8%
absence
5%
absolutely
5%
accompany
5%
administration
5%
administrator
5%
admire
5%
admission
5%
adolescent
5%
advanced
5%
African-American
5%
agenda
5%
aircraft
5%
anymore
5%
appeal
5%
approximately
5%
asleep
5%
assess
5%
assessment
5%
assign
5%
assignment
5%
associate
5%
association
5%
assure
5%
attorney
5%
attribute
5%
acknowledge
3%
activist
3%
advertising
3%
adviser
3%
airline
3%
album
3%
analyst
3%
anticipate
3%
authority
3%
awareness
3%

Score Distribution

Percentile by Number Answered

Percent of People with Each Score

Your Score History

You have not taken this quiz